La República de Bolivia
Enregistré dans:
| Auteur principal: | |
|---|---|
| Format: | Livre |
| Langue: | espagnol |
| Publié: |
Santiago
Imprenta de El Independiente
1872
|
| Édition: | 1a. ed |
| Sujets: | |
| Tags: |
Ajouter un tag
Pas de tags, Soyez le premier à ajouter un tag!
|
MARC
| LEADER | 00000nam a2200000 a 4500 | ||
|---|---|---|---|
| 001 | UCJ5921 | ||
| 003 | CL-VaPUC | ||
| 008 | 070124e18720000CL |||||||||||||||||spa|d | ||
| 082 | 0 | 4 | |a 984 |b COR |2 21 |
| 100 | 0 | |a Cortés, José Domingo |e author |9 511881 | |
| 245 | 1 | 3 | |a La República de Bolivia |
| 250 | |a 1a. ed | ||
| 300 | |a vi, 208 p | ||
| 942 | |c BK | ||
| 945 | |d 20070124 00:00:00 |a rinostro | ||
| 260 | |a Santiago |b Imprenta de El Independiente |c 1872 | ||
| 500 | |a Una viñeta en la portada trae el escudo de Bolivia | ||
| 650 | 7 | |a HISTORIA DE BOLIVIA |2 CL-VaPUC |9 511882 | |
| 650 | 0 | |a Cronología |9 268356 | |
| 650 | 7 | |a EFEMERIDES |2 CL-VaPUC |9 508245 | |
| 651 | 0 | |a Bolivia |9 255454 | |
| 583 | |a last modification |c 20160105 12:51:33 |k Rodrigo Vera | ||
| 999 | |c 322029 |d 322027 | ||
| 952 | |0 0 |1 0 |4 0 |6 984_000000000000000_COR_1872 |7 0 |8 X |9 400935 |a FDOBUD |b FDOBUD |d 2019-11-22 |i 1002287 |o 984 COR 1872 |p 1002287 |r 2019-11-22 |w 2019-11-22 |y BK_X |k BUD | ||
| 952 | |0 0 |1 0 |4 0 |6 984_000000000000000_COR_1872 |7 0 |8 X |9 400936 |a FDOBUD |b FDOBUD |d 2019-11-22 |i 1022458 |o 984 COR 1872 |p 1022458 |r 2019-11-22 |w 2019-11-22 |y BK_X |k BUD | ||
| 952 | |0 0 |1 0 |4 0 |6 984_000000000000000_COR_1872 |7 0 |8 X |9 400937 |a FDOBUD |b FDOBUD |d 2019-11-22 |i 1041274 |o 984 COR 1872 |p 1041274 |r 2019-11-22 |w 2019-11-22 |y BK_X |k BUD | ||